Представление документа в формате RUSMARC

ПолеНазваниеЗначение
  Тип записи a
  Библиографический уровень m
001 Контрольный номер RU/SLIB/B/208701143
005 Дата корректировки 20241128141306.3
010 Индекс ISBN __
d Цена 66-64
101 Язык документа 0_
a Язык текста rus
c Язык оригинала rus
200 Заглавие и сведения об ответственности 0_
a Заглавие История войн
f Первые сведения об ответственности авт.-сост. А. А. Егоров
b Общее обозначение материала Текст
h Номер части Т. 2
i Наименование части Тридцатилетняя война
i Наименование части Войны эпохи нового времени
i Наименование части Первая мировая война, 1914-1918 гг.
210 Выходные данные 1_
a Место издания Ростов н/Д
c Издательство Феникс
210 Выходные данные 1_
a Место издания М.
c Издательство Зевс
d Дата издания 1997
215 Физическое описание __
a Объем 734 с.
600 Персоналии _1
a Персоналии (Фамилия) Наполеон
c Дополнение к имени государственный деятель Франции
f Даты 1769-1821
600 Персоналии _1
a Персоналии (Фамилия) Наполеон Бонапарт
600 Персоналии _1
a Персоналии (Фамилия) Людовик
c Дополнение к имени король французский
f Даты 1643-1715
600 Персоналии _1
a Персоналии (Фамилия) Стюарты
606 Тематические рубрики __
a Основная рубрика Военное дело
z Хронологическая подрубрика 1914-1918 гг.; 20 в. нач.
y Географическая подрубрика Азия; Америка; Европа
606 Тематические рубрики __
a Основная рубрика Военно-историческая наука
606 Тематические рубрики __
a Основная рубрика История
606 Тематические рубрики __
a Основная рубрика Всемирная история
610 Ключевые слова 0_
a Ключевые слова войны; всемирная история; новая история; новейшая история; Гражданская война; Русско-японская война; Французская революция; Балканская война; Северная война; Семилетняя война; американская революция; Тридцатилетняя война; история войн; военные деятели; исторические личности
686 Индексы других классификаций __
2 Код системы rubbks
a Классификационный индекс 68.35
686 Индексы других классификаций __
a Классификационный индекс 63.3(0)
702 Вторичная интеллектуальная ответственность _1
a Фамилия Егоров
b Имя А. А.
4 Код отношения Автор-составитель
801 Источник записи _0
a Страна RU
b Организация Муниципальное бюджетное учреждение культуры "Централизованная библиотечная система" г. Сургут (Центральная городская библиотека им. А. С. Пушкина)
g Правила каталогизации ОБ/Бутенко
801 Источник записи _1
a Страна RU
b Организация Муниципальное бюджетное учреждение культуры "Централизованная библиотечная система" г. Сургут (Центральная городская библиотека им. А. С. Пушкина)
g Правила каталогизации ОБ/Бутенко
852 Данные о местонахождении __
j Шифр хранения 68.35
c Каталожный индекс 68; 63.3(0)
i Авторский знак И 90
p Инвентарный номер 69936
901 Тип документа __
t Тип документа m
903 Характеристики (МАРС) __
a Дата передачи 19981106
990 Данные о заказе (DOS) 00
j Количество экземпляров (DOS) 1
t N записи в КСУ для И/У (DOS) 199801